| 000 | 01034cab a2200325 4500 | ||
|---|---|---|---|
| 001 | ABS43657 | ||
| 008 | 090401t1990 xxu||||| |||| 00| 0 eng d | ||
| 035 | _a(Sirsi) u42806 | ||
| 041 | _aeng | ||
| 100 | _aCooling, P. | ||
| 245 | _aOwning a listed building - an honour or a chore | ||
| 260 | _c1990 | ||
| 350 | _a0 | ||
| 490 |
_aProperty Management _v8 (4) Autumn 1990, 314-319(5) |
||
| 520 | _aLooks at the responsibilities and limitations on development for owners of listed buildings . Recent case law referred to : Save Britain`s Heritage v SOS for Environment (1990 JPL 831). | ||
| 650 | _aARCHITECTURAL VALUE | ||
| 650 | _aENGLISH HERITAGE | ||
| 650 | _aGEORGIAN GROUP | ||
| 650 | _aHOUSING ACT 1988 | ||
| 650 | _aLAND SEARCHES | ||
| 650 | _aLISTED BUILDING CONSENT | ||
| 650 | _aOWNERSHIP | ||
| 650 | _aPRESERVATION | ||
| 650 | _aR V STROUD DC EX P GOODENOUGH | ||
| 650 | _aTOWN AND COUNTRY PLANNING ACT 1971 | ||
| 650 | _aVICTORIAN SOCIETY | ||
| 690 | _aCON | ||
| 942 | _n0 | ||
| 948 | _c04/03/1997 | ||
| 999 |
_c27380 _d27380 |
||